Avengers: Infinity War Characters - Statistics

General Stats
  • This quiz has been taken 48 times
  • The average score is 26 of 38
Answer Stats
Hint Answer % Correct
Groot
100%
Avengers Iron Man
100%
Guardians of the Galaxy Star-Lord / Quill
100%
Black Panther
95%
Captain America
95%
Gamora
95%
Spider-Man
95%
Mad Titans and their Children Thanos
95%
Thor
93%
Wanda Maximoff / Scarlet Witch
93%
Black Widow
88%
Drax
88%
Rocket Raccoon
88%
Nebula
83%
Vision
83%
Bucky / Winter Soldier
81%
Falcon
81%
Shuri
79%
Doctor Strange
76%
Bruce Banner
71%
Mantis
71%
War Machine / Rhodey
69%
Loki
67%
Wakandans Okoye
64%
Wong
57%
Ebony Maw
55%
Proxima Midnight
52%
M’Baku
50%
Nick Fury
48%
Corvus Glaive
43%
Cull Obsidian
43%
Heimdall
38%
Maria Hill
38%
Other Guys Ned
33%
Ramonda
31%
Red Skull
19%
F.R.I.D.A.Y.
5%
Alexander Pierce / Mr. Secretary
2%
No matching quizzes found
Score Distribution
Percent of People with Each Score
Percentile by Number Answered
Your Score History
You have not taken this quiz